000 00329nam a22001457a 4500
008 221014b ||||| |||| 00| 0 eng d
020 _a9781578014071
041 _aeng
080 _23RD EDITION
_a610.73
082 _a610.73 MELL
100 _a9
101 _aINF
245 _aHOME HEALTH NURSING
_cMELLO S
942 _2udc
_cBK
999 _c58562
_d58562